01127 2200229 4500001002100000005001500021035002000036001002100056005001500077035002000092245007700112100001200189250001700201300002800218260003900246082000800285084001400293020002200307650002700329520050000356008004100856INLIS00000000000075820241022065022 a0010-1024000051INLIS00000000000075720241022063247 a0010-10240000501 aUniverse Encyclopedia Eksplorasi :bPenjelajahan Angkasa Luar /cSucipto0 aSucipto acetakan ke-1 a52 hlm :bIlus ;c25 cm aBekasi :bUranus Publishing,c2011 a520 a520 SUC u a978-602-8637-68-8 4aEnsiklopedia astronomi aTernyata, bumi tempat tinggal kita hanyalah bagian kecil dari alam semesta yang begitu luas. Ukuran bumi bagaikan sebutir pasir di hamparan gurun yang luas. Di angkasa sana, bisa kita saksikan jutaan bintang di langit malam. Tahukah kamu, setelah puluhantahunpara ilmuwanmlakukan penelitian, ukuran bintang-bintang banyak yang jauh lebih besar dari matahari. Selain itu, tata surya kita hanyalah sebagian kecil dari galaksi bima sakti. galaksi ini berukuran berkali-kali lipat dari tata surya.241022 0